[Event "FIDE World Rapid Team"]
[Site "Almaty KAZ"]
[Date "2024.08.03"]
[Round "8.17"]
[White "Agmanov, Zhandos"]
[Black "Serikbay, Assel"]
[Result "1/2-1/2"]
[WhiteTitle "IM"]
[BlackTitle "WIM"]
[WhiteElo "2458"]
[BlackElo "2237"]
[WhiteTeam "Astana-1"]
[BlackTeam "World Champions Higher School"]
[WhiteFideId "13708309"]
[BlackFideId "13706799"]
[EventDate "2024.08.02"]

1. e4 c5 2. Nf3 d6 3. d4 cxd4 4. Nxd4 Nf6 5. Nc3 a6 6. Be2 e5 7. Nb3 Be7 8. Be3
Be6 9. O-O O-O 10. Bf3 Nbd7 11. a4 Nb6 12. Nd2 Rc8 13. a5 Nc4 14. Nxc4 Rxc4 15.
Be2 Rc6 16. f3 d5 17. exd5 Nxd5 18. Nxd5 Bxd5 19. c3 f5 20. Qd2 Bb3 21. Qxd8
Rxd8 22. Bd1 Bc4 23. Re1 Bh4 24. g3 Bf6 25. Ba4 Rcd6 26. Bb6 Rc8 27. Rad1 Rxd1
28. Rxd1 Be2 29. Rd2 Bxf3 30. Bd7 Rf8 31. Bc5 Rd8 32. Bb6 Rf8 33. Bc5 Ra8 34.
Bxf5 Bc6 35. Bd7 Rd8 36. Be6+ Kh8 37. Rxd8+ Bxd8 38. b4 g6 39. Bg4 Kg7 40. Be2
Be4 41. Kf2 Kf6 42. Ke3 Bg2 43. c4 Kf5 44. Bd3+ e4 45. Be2 Bg5+ 46. Kf2 Bh3 47.
Bd4 Bd2 48. Bc5 h5 49. Bd1 Ke5 50. Ba4 Be6 51. Bb3 e3+ 52. Bxe3 Bxb4 53. Bb6 g5
54. Ke3 Bc3 55. Bc7+ Kf6 56. Bc2 Bxc4 57. Be4 Bb5 58. Bxb7 h4 59. g4 Be5 60.
Bd8+ Kg6 61. h3 Bf1 62. Kf3 Bc3 63. Be4+ Kh6 64. Bb7 Bd2 65. Bb6 Kg6 66. Kf2 Bc4
67. Bd8 Bf4 68. Bc8 Kf7 69. Kg2 Bd5+ 70. Kf2 Bc4 71. Kg2 Ke8 72. Bf6 Bd2 73. Kf2
Bf4 74. Kg2 Kf7 75. Bd8 Ke8 1/2-1/2

[Event "FIDE World Rapid Team"]
[Site "Almaty KAZ"]
[Date "2024.08.03"]
[Round "8.18"]
[White "Balakirev, Nikoly"]
[Black "Naimanov, Rinat"]
[Result "0-1"]
[WhiteElo "1885"]
[BlackElo "1749"]
[WhiteTeam "World Champions Higher School"]
[BlackTeam "Astana-1"]
[WhiteFideId "4192060"]
[BlackFideId "13785109"]
[EventDate "2024.08.02"]

1. d4 Nf6 2. c4 e6 3. Nf3 c5 4. d5 b5 5. dxe6 fxe6 6. cxb5 d5 7. e3 Nbd7 8. Nc3
Bb7 9. Be2 Bd6 10. O-O O-O 11. e4 d4 12. Bc4 Qe7 13. Ng5 dxc3 14. Bxe6+ Kh8 15.
Nf7+ Rxf7 16. Bxf7 Nxe4 17. Bd5 Qe5 18. Bf4 Qxd5 19. Qxd5 Bxd5 20. Bxd6 Nxd6 21.
bxc3 Nxb5 22. Rad1 Nf6 23. Rfe1 Nxc3 24. Rd3 Nxa2 25. g4 Nb4 26. Rg3 a5 27. g5
Ne4 28. Rg4 a4 29. f3 Nd6 30. Kf2 a3 31. g6 Nd3+ 32. Kf1 Nxe1 33. Kxe1 a2 34.
gxh7 a1=Q+ 0-1

[Event "FIDE World Rapid Team"]
[Site "Almaty KAZ"]
[Date "2024.08.03"]
[Round "8.19"]
[White "Bilguun, Sumiya"]
[Black "Short, Nigel D"]
[Result "0-1"]
[WhiteTitle "GM"]
[BlackTitle "GM"]
[WhiteElo "2470"]
[BlackElo "2594"]
[WhiteTeam "Hunnu Air"]
[BlackTeam "FIDE Management Board"]
[WhiteFideId "4901541"]
[BlackFideId "400025"]
[EventDate "2024.08.02"]

1. e4 e6 2. d4 d5 3. Bd3 dxe4 4. Bxe4 Nf6 5. Bf3 c5 6. Ne2 Nc6 7. Be3 e5 8.
Bxc6+ bxc6 9. dxc5 Qxd1+ 10. Kxd1 Nd5 11. Bd2 Bxc5 12. Rf1 Bf5 13. Nbc3 Nb4 14.
Rc1 O-O-O 15. Ng3 Bg6 16. a3 Nd5 17. Ke2 Rhe8 18. Rfd1 f5 19. Kf1 h6 20. Na4 Be7
21. Ba5 Rd7 22. c4 Nf6 23. Rxd7 Nxd7 24. f3 f4 25. Ne4 Bxe4 26. fxe4 Nf6 27. Bc3
Bd6 28. c5 Bc7 29. Re1 Rd8 30. h3 Rd3 31. Kf2 g5 32. Re2 h5 33. Bd2 Rxd2 34.
Rxd2 Nxe4+ 35. Ke2 Nxd2 36. Kxd2 e4 37. Ke2 Be5 38. b3 g4 39. hxg4 hxg4 40. Kf1
Bd4 41. Ke2 f3+ 42. gxf3 gxf3+ 43. Kd2 e3+ 44. Kd3 e2 0-1

[Event "FIDE World Rapid Team"]
[Site "Almaty KAZ"]
[Date "2024.08.03"]
[Round "8.20"]
[White "Bologan, Victor"]
[Black "Munkhdalai, Amilal"]
[Result "1-0"]
[WhiteTitle "GM"]
[BlackTitle "IM"]
[WhiteElo "2598"]
[BlackElo "2374"]
[WhiteTeam "FIDE Management Board"]
[BlackTeam "Hunnu Air"]
[WhiteFideId "13900048"]
[BlackFideId "4903250"]
[EventDate "2024.08.02"]

1. e4 c5 2. Nf3 e6 3. d3 d5 4. Qe2 Nf6 5. g3 Nc6 6. Bg2 d4 7. e5 Nd5 8. h4 Be7
9. Nbd2 b6 10. a4 Bb7 11. Nc4 h6 12. Nfd2 Qc7 13. Bxd5 exd5 14. Nd6+ Kf8 15.
Nxb7 Qxb7 16. f4 Nb4 17. Nf3 Qd7 18. h5 Ke8 19. Kf2 Kd8 20. c3 dxc3 21. bxc3 Nc6
22. Be3 Kc7 23. d4 c4 24. Qc2 f6 25. f5 fxe5 26. dxe5 Bc5 27. Rae1 Rhf8 28. Bxc5
bxc5 29. e6 Qd6 30. Rh4 Ne7 31. Rf4 Rab8 32. Ne5 Rb3 33. Nd7 Rg8 34. Rb1 Rxb1
35. Qxb1 Nc6 36. Qb5 Nb8 37. Nxc5 Qb6 38. Rg4 a6 39. Qxb6+ Kxb6 40. Nd7+ Nxd7
41. exd7 Kc7 42. Ke3 Rf8 43. Kf4 d4 44. Ke5 dxc3 45. Rxc4+ Kxd7 46. Rxc3 Re8+
47. Kd5 Re1 48. Rc4 Rg1 49. Rg4 Rd1+ 50. Kc5 Ke7 51. Rxg7+ Kf6 52. Rg6+ Kxf5 53.
Rxh6 Kg5 54. Rxa6 Kxh5 55. Rd6 Ra1 56. Kb5 Rb1+ 57. Ka6 Rb3 58. a5 Rxg3 59. Kb7
Rb3+ 60. Rb6 Rf3 61. a6 Rf7+ 62. Ka8 Kg5 63. a7 Kf5 64. Kb8 Rf8+ 65. Kb7 Rf7+
66. Ka6 1-0

[Event "FIDE World Rapid Team"]
[Site "Almaty KAZ"]
[Date "2024.08.03"]
[Round "8.21"]
[White "Agibileg, Uurtsaikh"]
[Black "Al-Mudahka, Mohd"]
[Result "1-0"]
[WhiteTitle "IM"]
[BlackTitle "GM"]
[WhiteElo "2411"]
[BlackElo "2542"]
[WhiteTeam "Hunnu Air"]
[BlackTeam "FIDE Management Board"]
[WhiteFideId "4901606"]
[BlackFideId "12100030"]
[EventDate "2024.08.02"]

1. d4 Nf6 2. c4 e5 3. dxe5 Ng4 4. Nf3 Bc5 5. e3 Nc6 6. b3 Ncxe5 7. Nxe5 Nxe5 8.
Bb2 d6 9. Be2 Qg5 10. O-O Bh3 11. Bf3 O-O-O 12. Nc3 Nxf3+ 13. Qxf3 Be6 14. Rfc1
Rhe8 15. a3 c6 16. b4 Bb6 17. Nd5 cxd5 18. cxd5+ Kb8 19. dxe6 fxe6 20. a4 a6 21.
b5 a5 22. Bd4 Bxd4 23. exd4 Rc8 24. Re1 Rc4 25. Qd3 d5 26. g3 h5 27. h4 Qg4 28.
Red1 Rf8 29. Rac1 Rf3 30. Qd2 Rb3 31. Qe1 Ka7 32. Qxa5+ Kb8 33. Qe1 Rb2 34. Qe5+
Ka7 35. Qe3 Re2 36. b6+ Kxb6 37. Qb3+ Ka7 38. Rb1 Rc7 39. Qb6+ Kb8 40. Rdc1
Rxc1+ 41. Rxc1 Qf5 42. Qc7+ Ka7 43. Rf1 Rc2 44. Qxg7 Ra2 45. Qd7 Qe4 46. Qd6
Rxa4 47. Qc5+ Ka6 48. Rc1 Qxd4 49. Qc8 Qb6 50. Qa8+ Qa7 51. Qe8 Ra2 52. Qxe6+
Qb6 53. Qf7 Ka7 54. Rd1 Ra5 55. Qxh5 Qb3 56. Qe2 Ra2 57. Qd3 Qxd3 58. Rxd3 Ra5
59. h5 Kb6 60. h6 Kc5 61. g4 Kc4 62. Rh3 d4 63. h7 1-0

[Event "FIDE World Rapid Team"]
[Site "Almaty KAZ"]
[Date "2024.08.03"]
[Round "8.22"]
[White "Reizniece-Ozola, Dana"]
[Black "Chinguun, Sumiya"]
[Result "0-1"]
[WhiteTitle "WGM"]
[BlackTitle "FM"]
[WhiteElo "2255"]
[BlackElo "2389"]
[WhiteTeam "FIDE Management Board"]
[BlackTeam "Hunnu Air"]
[WhiteFideId "11601124"]
[BlackFideId "4902572"]
[EventDate "2024.08.02"]

1. c4 Nf6 2. Nc3 c5 3. Nf3 Nc6 4. d4 cxd4 5. Nxd4 e6 6. a3 Bc5 7. Nb3 Be7 8. e4
O-O 9. Be2 b6 10. O-O Bb7 11. Be3 Rc8 12. c5 bxc5 13. Nxc5 Ba8 14. Nd3 d5 15.
exd5 exd5 16. Bg5 d4 17. Bxf6 Bxf6 18. Ne4 Be7 19. Rc1 Qb6 20. Nec5 Ne5 21. Nxe5
Rxc5 22. Rxc5 Qxc5 23. Nd3 Qf5 24. Re1 Bd6 25. Qa4 Qg6 26. Bf1 Bxg2 27. Bxg2
Qxd3 28. Rd1 Qe2 29. Qxd4 Be5 30. Qd2 Qh5 31. b4 Bxh2+ 32. Kf1 Re8 33. Qd3 g6
34. Re1 Rxe1+ 35. Kxe1 Qe5+ 36. Kf1 h5 37. Bd5 Kg7 38. Qf3 Bf4 39. Bc4 Qd4 40.
Qb3 Qf6 41. b5 Bd6 42. a4 Bc5 43. Qa2 h4 44. Kg2 h3+ 45. Kxh3 Qf3+ 46. Kh2 Bxf2
47. Qb3 Qxb3 48. Bxb3 Bb6 49. Kg3 f5 50. Bc2 Kf6 51. Kf4 g5+ 52. Kf3 Ke5 53. Kg3
g4 54. Bd1 Kf6 55. Bc2 Bc7+ 56. Kh4 Kg6 57. Bd1 Bd8+ 58. Kg3 Kg5 59. Kf2 Bb6+
60. Kg2 f4 61. Bc2 f3+ 62. Kg3 Bc7+ 63. Kf2 Kf4 0-1

[Event "FIDE World Rapid Team"]
[Site "Almaty KAZ"]
[Date "2024.08.03"]
[Round "8.23"]
[White "Mungunzul, Bat-Erdene"]
[Black "Martynov, Aleksandr"]
[Result "1-0"]
[WhiteTitle "WCM"]
[WhiteElo "2224"]
[BlackElo "1828"]
[WhiteTeam "Hunnu Air"]
[BlackTeam "FIDE Management Board"]
[WhiteFideId "4902831"]
[BlackFideId "34196266"]
[EventDate "2024.08.02"]

1. d4 Nf6 2. c4 b6 3. Nc3 Bb7 4. d5 e5 5. e4 Bb4 6. Qc2 Bxc3+ 7. Qxc3 Qe7 8. Bd3
a5 9. Ne2 Na6 10. Ng3 Qb4 11. Bd2 Qxc3 12. Bxc3 d6 13. f3 Nc5 14. Bc2 Ba6 15. b3
O-O 16. Kd2 Nfd7 17. Nf5 Rfe8 18. a3 g6 19. Ne3 Bc8 20. b4 Nb7 21. Ba4 Re7 22.
Rhb1 Nb8 23. Bc6 a4 24. c5 bxc5 25. Bxb7 Bxb7 26. bxc5 Bc8 27. cxd6 cxd6 28. Rb6
Na6 29. Rxd6 Nc5 30. Rb1 Nb3+ 31. Ke1 Ba6 32. Ng4 Nc5 33. Rbb6 Bc4 34. Rdc6 Nd7
35. Rb7 Ba6 36. Rxd7 Rxd7 37. Nf6+ 1-0

[Event "FIDE World Rapid Team"]
[Site "Almaty KAZ"]
[Date "2024.08.03"]
[Round "8.24"]
[White "Musauly, Nurali"]
[Black "Erkhembayar, Amartaivan"]
[Result "1/2-1/2"]
[WhiteElo "1816"]
[BlackElo "1962"]
[WhiteTeam "FIDE Management Board"]
[BlackTeam "Hunnu Air"]
[WhiteFideId "447000678"]
[BlackFideId "4904800"]
[EventDate "2024.08.02"]

1. Nf3 Nf6 2. c4 e6 3. Nc3 d5 4. e3 Be7 5. b3 O-O 6. Bb2 b6 7. cxd5 exd5 8. d4
c5 9. Be2 Ba6 10. Bxa6 Nxa6 11. Qe2 Nc7 12. O-O Re8 13. Rfd1 Rc8 14. Rac1 Ne6
15. dxc5 bxc5 16. Na4 Qa5 17. Bc3 Qc7 18. Qa6 Qb8 19. Be5 Qa8 20. h3 Red8 21.
Bb2 h6 22. Be5 Ne4 23. Nc3 Nxc3 24. Rxc3 Qc6 25. Qxc6 Rxc6 26. Rcd3 c4 27. Rc3
f6 28. Bg3 Bb4 29. Rc2 Kf7 30. Nd4 Nxd4 31. Rxd4 Rdc8 32. Rxd5 cxb3 33. Rxc6
Rxc6 34. axb3 a5 35. Rd3 Rc1+ 36. Kh2 Ke6 37. e4 Ra1 38. Bb8 Ra3 39. Rf3 Bc5 40.
h4 g5 41. hxg5 hxg5 42. Kh3 a4 43. bxa4 Rxa4 44. Rf5 Bd4 45. f3 Ra1 46. g3 Ra8
47. Rb5 Ra3 48. Kg4 Ra1 49. Rd5 Bc3 50. Rd6+ Kf7 51. Rc6 Bd4 52. Kf5 Ra5+ 53.
Kg4 Rb5 54. Bc7 Ke7 55. Bd6+ Kd7 56. Ra6 Bb6 57. Bf8 Rb3 58. Bg7 Ke6 59. Bf8 Kf7
60. Ba3 Kg6 61. Bc1 Rb1 62. Bd2 Rb3 63. Bc1 Rb4 64. Kh3 Kh5 65. Ra8 Bc7 66. Rc8
Bb8 67. Bd2 Rb3 68. Ba5 Kg6 69. Bd8 Be5 70. Kg4 Rb4 71. Rc6 Rb8 72. Ba5 Ra8 73.
Bd2 Kf7 74. Kf5 Ra2 75. Bxg5 Ra5 76. Bf4 Bd4+ 77. Kg4 Ra1 78. Rd6 Bc3 79. Kf5
Rf1 80. Rd7+ Ke8 81. Rd3 Bb2 82. Rb3 Bd4 83. Ke6 Kf8 84. Bd6+ Kg7 85. f4 Kg6 86.
Rd3 Bb2 87. e5 Re1 88. Rd5 Re4 89. Rb5 Bc3 90. Kd5 Rd4+ 91. Ke6 Re4 92. Rb7 fxe5
93. Bxe5 Re3 94. Rg7+ Kh6 95. Rg8 Kh7 96. Rg4 Be1 97. Rh4+ Kg6 98. Rg4+ Kh7 99.
f5 Kh6 100. Kf6 Kh7 101. Rg7+ Kh6 102. Rg6+ Kh7 103. Bf4 Bc3+ 104. Kg5 Rd3 105.
Rc6 Bg7 106. Rc7 Kg8 107. Kg6 Bf8 108. g4 Rd4 109. f6 Rxf4 110. g5 Rd4 111. Rh7
Rd6 112. Ra7 Rd1 113. Rb7 Rd2 114. Rb5 Rd3 115. Re5 Rd8 116. Kf5 Bd6 117. Rd5
Bc7 118. Rc5 Bb6 119. Rb5 Bd4 120. Ra5 Rc8 121. Kg6 Bc5 122. Ra4 Be3 123. Re4
Bc5 124. Rh4 Rc6 125. Rc4 Rc7 126. Kf5 Bb6 127. Rb4 Rc6 128. Rh4 Rc5+ 129. Kg6
Rc6 130. Rf4 Bc7 131. Rf5 Kf8 132. Kh7 Rc1 133. Rf3 Be5 134. Kg6 Rc6 135. Re3
Bd6 136. Re6 Rb6 137. Kh7 Kf7 138. Re2 Rb3 139. g6+ Kxf6 140. Rf2+ Ke6 141. g7
Rh3+ 142. Kg6 Rg3+ 143. Kh7 Rh3+ 144. Kg6 Rg3+ 145. Kh7 Rh3+ 146. Kg6 1/2-1/2

[Event "FIDE World Rapid Team"]
[Site "Almaty KAZ"]
[Date "2024.08.03"]
[Round "8.25"]
[White "Utegaliyev, Azamat"]
[Black "Tin, Jingyao"]
[Result "1/2-1/2"]
[BlackTitle "GM"]
[WhiteElo "2418"]
[BlackElo "2575"]
[WhiteTeam "Greco"]
[BlackTeam "Theme International Trading"]
[WhiteFideId "13702467"]
[BlackFideId "5804418"]
[EventDate "2024.08.02"]

1. e4 e5 2. Bc4 Nf6 3. d3 Nc6 4. Nc3 Na5 5. Qf3 Nxc4 6. dxc4 Be7 7. Nge2 d6 8.
O-O Be6 9. b3 O-O 10. h3 Nd7 11. Ng3 Bg5 12. Bxg5 Qxg5 13. Nb5 Qd8 14. Qe3 a6
15. Nc3 g6 16. Rad1 b5 17. cxb5 axb5 18. a4 bxa4 19. Nxa4 Re8 20. Kh1 Qh4 21.
Nc3 Ra5 22. Kg1 Rea8 23. Nge2 Re8 24. Ra1 Rea8 25. Rad1 Qe7 26. Qg3 Nf6 27. Qe3
Nh5 28. Kh2 Qh4 29. Ng1 Qf4+ 30. Qxf4 Nxf4 31. Rd2 f5 32. g3 Nh5 33. exf5 gxf5
34. Nge2 Kf7 35. f4 Ke7 36. fxe5 dxe5 37. g4 fxg4 38. hxg4 Nf6 39. g5 Ng4+ 40.
Kg3 Rg8 41. Ne4 h6 42. Rh1 Nf6 43. Nxf6 Rxg5+ 44. Kf2 Rf5+ 45. Ke3 Rxf6 46. Nc3
Rg6 47. Rdh2 Bf5 48. Ne4 Ra2 49. Rh5 Bxe4 50. Rxe5+ Kd6 51. Rxe4 Rxc2 52. Reh4
Rg3+ 53. Ke4 Rxb3 54. Rxh6+ Kc5 55. R1h5+ Kb4 56. Rh1 Rc4+ 57. Kd5 Rc5+ 58. Kd4
Rc4+ 59. Kd5 Rc5+ 60. Kd4 Rb2 61. Rh8 Rc4+ 62. Kd5 Rd2+ 63. Ke5 Rc5+ 64. Ke4
Rdc2 65. Rb8+ Kc4 66. Rhb1 Re2+ 67. Kf3 Ree5 68. R8b4+ Kd5 69. Rd1+ Ke6 70. Re4
Rxe4 71. Kxe4 Re5+ 72. Kf4 Re2 73. Kf3 Re5 74. Kf4 Rf5+ 75. Ke4 Re5+ 76. Kf4 Rd5
77. Rc1 c5 78. Ke3 Kd6 79. Rc3 Rh5 80. Kd2 Kd5 81. Rg3 Kc4 82. Kc2 Rh2+ 83. Kc1
Kb4 84. Rf3 Re2 85. Rf4+ Kc3 86. Rf3+ Kd4 87. Rh3 c4 88. Rg3 Kc5 89. Rh3 Kb4 90.
Rg3 c3 91. Rg8 1/2-1/2

[Event "FIDE World Rapid Team"]
[Site "Almaty KAZ"]
[Date "2024.08.03"]
[Round "8.26"]
[White "Jumabayev, Rinat"]
[Black "Aligozhin, Zhaslan"]
[Result "1-0"]
[WhiteTitle "GM"]
[BlackTitle "FM"]
[WhiteElo "2577"]
[BlackElo "2333"]
[WhiteTeam "Theme International Trading"]
[BlackTeam "Greco"]
[WhiteFideId "13702661"]
[BlackFideId "13702734"]
[EventDate "2024.08.02"]

1. Nf3 Nf6 2. g3 g6 3. c4 c6 4. Bg2 Bg7 5. O-O O-O 6. d4 d5 7. Nbd2 Bf5 8. b3 a5
9. e3 a4 10. Ba3 Ne4 11. Nxe4 Bxe4 12. Bh3 Bxf3 13. Qxf3 Re8 14. Rfc1 e6 15.
Rab1 Nd7 16. Qd1 Ra7 17. cxd5 exd5 18. bxa4 Bf8 19. Bxf8 Nxf8 20. Rb4 Qd6 21.
Rcb1 Re7 22. Qc2 Ne6 23. Bxe6 fxe6 24. h4 Kg7 25. Kg2 Rc7 26. h5 Rf7 27. hxg6
hxg6 28. Qe2 Qd8 29. Qg4 Qf6 30. R1b2 Qf5 31. Qxf5 gxf5 32. Kf3 Kf6 33. Kf4 Rg7
34. Rb1 b5 35. Rc1 Rxa4 36. Rxa4 bxa4 37. Rxc6 Rb7 38. g4 fxg4 39. Ra6 Rb2 40.
Rxa4 Rxf2+ 41. Kxg4 Rf1 42. Ra8 Ke7 43. a4 Kd6 44. Ra6+ Kd7 45. a5 Rf8 46. Ra7+
Kc6 47. Ra6+ Kd7 48. Rb6 Rf1 49. a6 Ra1 50. Kf4 Rf1+ 51. Kg5 Ra1 52. Rb7+ Kd6
53. a7 e5 54. Rh7 Rg1+ 55. Kf5 Rf1+ 56. Kg4 Rg1+ 57. Kf3 e4+ 58. Kf4 Rf1+ 59.
Kg5 Rg1+ 60. Kf6 Rg8 61. Rb7 Ra8 62. Rf7 Rh8 63. Kf5 Rh5+ 64. Kg6 Rh8 65. Rf6+
Ke7 66. Ra6 Ra8 67. Kf5 Kd7 1-0

[Event "FIDE World Rapid Team"]
[Site "Almaty KAZ"]
[Date "2024.08.03"]
[Round "8.27"]
[White "Askarov, Bakhtiyar"]
[Black "Siddharth, Jagadeesh"]
[Result "0-1"]
[WhiteTitle "IM"]
[BlackTitle "IM"]
[WhiteElo "2280"]
[BlackElo "2516"]
[WhiteTeam "Greco"]
[BlackTeam "Theme International Trading"]
[WhiteFideId "13701100"]
[BlackFideId "5818320"]
[EventDate "2024.08.02"]

1. d4 Nf6 2. Bg5 c5 3. d5 Ne4 4. h4 h6 5. Bf4 Qb6 6. Nd2 Qxb2 7. Nxe4 Qb4+ 8. c3
Qxe4 9. e3 e5 10. f3 Qf5 11. g4 Qf6 12. Bg3 d6 13. e4 g6 14. Bb5+ Nd7 15. Rb1
Qe7 16. a4 Bg7 17. h5 Bf6 18. Bf2 a6 19. Bd3 Bg5 20. Kf1 gxh5 21. Rxh5 Nf6 22.
Rh1 h5 23. Ne2 Qf8 24. gxh5 Nxh5 25. Ke1 Nf6 26. Rxh8 Qxh8 27. Ng3 Bf4 28. Nf5
Bxf5 29. exf5 Ra7 30. Qb3 e4 31. fxe4 Ng4 32. Qb2 Qh1+ 33. Ke2 Qg2 34. Rf1 Ne5
35. Bb1 b5 36. Rg1 Qf3+ 37. Ke1 Nc4 38. Qe2 Bd2+ 39. Kd1 Qxc3 40. Rg8+ Kd7 41.
Qh5 Ne5 42. f6 Kc7 43. Qh8 Kb6 44. Rb8+ Ka5 45. Qd8+ Kb4 46. axb5 axb5 47. Qb6
Qf3+ 48. Kc2 Qd3+ 49. Kd1 Qxb1+ 50. Ke2 Qd3+ 0-1

[Event "FIDE World Rapid Team"]
[Site "Almaty KAZ"]
[Date "2024.08.03"]
[Round "8.28"]
[White "Wong, Zhenyong Jayden"]
[Black "Suleyev, Alen"]
[Result "0-1"]
[WhiteTitle "FM"]
[BlackTitle "FM"]
[WhiteElo "2397"]
[BlackElo "2084"]
[WhiteTeam "Theme International Trading"]
[BlackTeam "Greco"]
[WhiteFideId "5821975"]
[BlackFideId "13707213"]
[EventDate "2024.08.02"]

1. d4 d5 2. c4 e6 3. Nf3 Nf6 4. g3 Be7 5. Bg2 O-O 6. O-O c6 7. Nc3 b6 8. Ne5 Ba6
9. Re1 b5 10. Nxc6 Nxc6 11. cxb5 Bb7 12. bxc6 Bxc6 13. Bf4 Qd7 14. Qd3 a5 15. b3
Ba3 16. Rab1 Rfc8 17. Bc1 Bb4 18. Bd2 a4 19. Nxa4 Bb5 20. Qe3 Bxd2 21. Qxd2 Bxa4
22. bxa4 Qxa4 23. Rb2 h6 24. e3 Qa5 25. Qxa5 Rxa5 26. Reb1 Rc7 27. Bf1 g5 28.
Bd3 Rca7 29. Ra1 Ne4 30. Bc2 Nd2 31. a4 Nc4 32. Rb4 Rc7 33. Ra2 Kg7 34. Kf1 g4
35. Ke2 h5 36. Bd3 Nd6 37. Rc2 Rca7 38. Bb5 Rb7 39. Rcb2 Ne4 40. R4b3 Rc7 41. f3
Nc3+ 42. Kd2 Nxa4 43. Ra2 Nc5 44. Rba3 Nb3+ 45. Kd3 Rxb5 0-1

[Event "FIDE World Rapid Team"]
[Site "Almaty KAZ"]
[Date "2024.08.03"]
[Round "8.29"]
[White "Nasybullina, Alfia"]
[Black "Gong, Qianyun"]
[Result "0-1"]
[WhiteTitle "WIM"]
[BlackTitle "WGM"]
[WhiteElo "2034"]
[BlackElo "2250"]
[WhiteTeam "Greco"]
[BlackTeam "Theme International Trading"]
[WhiteFideId "4132416"]
[BlackFideId "8602425"]
[EventDate "2024.08.02"]

1. Nf3 d5 2. d4 Nf6 3. Bf4 e6 4. e3 Bd6 5. c3 O-O 6. Nbd2 c5 7. Bg3 Qc7 8. Bd3
Nbd7 9. O-O Bxg3 10. hxg3 e5 11. dxe5 Nxe5 12. Nxe5 Qxe5 13. Nf3 Qc7 14. Qa4 h6
15. Qf4 Qe7 16. Rfd1 Bg4 17. Rd2 Rad8 18. Bc2 Be6 19. Rad1 a6 20. Bb1 Rfe8 21.
Qh4 Bg4 22. a3 Rd7 23. Re1 Qe6 24. Nh2 Bf5 25. Bxf5 Qxf5 26. Qf4 Qe6 27. Nf3 Ne4
28. g4 Nxd2 29. Nxd2 d4 30. c4 Qb6 31. Nf3 Qxb2 32. g5 hxg5 33. Nxg5 Qd2 34. Nf3
Qc3 35. Rd1 Qxc4 36. exd4 cxd4 37. Ng5 Qc2 38. Rc1 Qg6 39. Nf3 d3 40. Rd1 Qe4
41. Qc1 Red8 42. Re1 Qc6 43. Qd2 Qc2 44. Qg5 d2 0-1

[Event "FIDE World Rapid Team"]
[Site "Almaty KAZ"]
[Date "2024.08.03"]
[Round "8.30"]
[White "Zhang, Changjie"]
[Black "Kabylbek, Yedil"]
[Result "0-1"]
[WhiteElo "1809"]
[BlackElo "1857"]
[WhiteTeam "Theme International Trading"]
[BlackTeam "Greco"]
[WhiteFideId "5801877"]
[BlackFideId "13744658"]
[EventDate "2024.08.02"]

1. e4 d6 2. Nc3 Nf6 3. d3 e5 4. f4 Nc6 5. Nf3 Bg4 6. Be2 Be7 7. O-O Qd7 8. Be3
O-O-O 9. f5 d5 10. Bg5 d4 11. Bxf6 dxc3 12. Bxe7 Qxe7 13. bxc3 Bxf3 14. Bxf3
Qc5+ 15. Kh1 Qxc3 16. Qc1 f6 17. Rb1 Nd4 18. Qb2 Qxb2 19. Rxb2 Rd6 20. Rfb1 b6
21. h3 Rc6 22. Rc1 Rc3 23. Bd1 Rd8 24. Rcb1 Rd6 25. Kg1 Rdc6 26. Rc1 Rxd3 27.
Bh5 Rd2 28. Bf7 Ne2+ 0-1

[Event "FIDE World Rapid Team"]
[Site "Almaty KAZ"]
[Date "2024.08.03"]
[Round "8.31"]
[White "Isanzhulov, Arystan"]
[Black "Aitbayev, Aslan"]
[Result "1/2-1/2"]
[WhiteTitle "IM"]
[BlackTitle "IM"]
[WhiteElo "2401"]
[BlackElo "2380"]
[WhiteTeam "Teniz Kazakhstan"]
[BlackTeam "Astana-2"]
[WhiteFideId "13711644"]
[BlackFideId "13704613"]
[EventDate "2024.08.02"]

1. e4 c6 2. Nf3 d5 3. Nc3 Bg4 4. h3 Bxf3 5. Qxf3 e6 6. g3 Bc5 7. Bg2 Ne7 8. O-O
O-O 9. Rd1 Nd7 10. d4 Bb6 11. a3 a6 12. Ne2 Nf6 13. exd5 cxd5 14. Nf4 Nf5 15. c3
Nd6 16. Nd3 Nfe4 17. Qe2 Rc8 18. Bf4 Ba7 19. Rac1 b5 20. f3 Nf6 21. g4 a5 22.
Bg5 Nc4 23. f4 Qd6 24. Kh1 Nd7 25. Bh4 b4 26. axb4 axb4 27. Ra1 Bb6 28. Ra6 bxc3
29. bxc3 Ra8 30. Rda1 Rxa6 31. Rxa6 Qc7 32. Ra1 Nd6 33. Be1 Nf6 34. Qe5 Nfe4 35.
Bxe4 Nxe4 36. Qxc7 Bxc7 37. Ra7 Bd6 38. Rb7 Rc8 39. Rb6 h6 40. Kg1 Ra8 41. Kf1
Ra2 42. f5 exf5 43. gxf5 Bg3 44. Rc6 Rc2 45. Nb4 Rc1 46. Nd3 Rc2 47. Bxg3 Nxg3+
48. Ke1 Ne4 49. Nb4 Rxc3 50. Nxd5 Rxc6 51. Ne7+ Kf8 52. Nxc6 f6 53. d5 Nc3 54.
d6 Ke8 55. Nd4 Ne4 56. Ne6 Nxd6 57. Nxg7+ Kf7 58. Nh5 Nxf5 59. Nf4 Ne7 60. Kf2
Ng6 61. Ne2 Ke6 62. Kf3 Ke5 63. Kg4 f5+ 64. Kf3 Kf6 65. Nd4 Nf8 66. Kg3 Ne6 67.
Nf3 Ng5 68. Nd4 Ke5 69. Ne2 Ne4+ 70. Kf3 Ng5+ 71. Kg3 Ne6 72. Kf3 Kf6 73. Kg3
Kg5 74. Kf3 Kg6 75. Kg3 Kf6 76. Kh4 Kg6 77. Kg3 Ng5 78. Nf4+ Kf6 79. Kh4 Ke5 80.
Ng6+ Ke4 81. Kh5 Nf7 82. Nh4 f4 83. Kg6 Ng5 84. Kxh6 Nxh3 85. Kh5 Ng1 86. Kg4
Ne2 87. Nf3 Ke3 88. Nh4 Kf2 89. Ng6 1/2-1/2

[Event "FIDE World Rapid Team"]
[Site "Almaty KAZ"]
[Date "2024.08.03"]
[Round "8.32"]
[White "Akhmetov, Ayan"]
[Black "Ismagambetov, Anuar"]
[Result "0-1"]
[WhiteTitle "IM"]
[BlackTitle "GM"]
[WhiteElo "2380"]
[BlackElo "2520"]
[WhiteTeam "Astana-2"]
[BlackTeam "Teniz Kazakhstan"]
[WhiteFideId "13703706"]
[BlackFideId "13701525"]
[EventDate "2024.08.02"]

1. d4 Nf6 2. Bf4 g6 3. Nd2 Bg7 4. e3 d6 5. Ngf3 O-O 6. Be2 Nc6 7. c3 Nd7 8. h4
e5 9. dxe5 dxe5 10. Bg3 Nc5 11. Qc2 Qe7 12. e4 f5 13. h5 fxe4 14. Nxe4 Bf5 15.
hxg6 Bxg6 16. Bc4+ Kh8 17. Nh4 Qe8 18. Nxg6+ Qxg6 19. Rh4 Bf6 20. O-O-O Bxh4 21.
Nxc5 Qxc2+ 22. Kxc2 Bxg3 23. fxg3 Rf2+ 24. Kb1 Rd8 25. Rh1 Rf6 26. Kc2 b6 27.
Ne4 Rg6 28. Bd3 Kg7 29. Rh5 h6 30. b4 Re8 31. a4 Re7 32. Rh3 Nd8 33. Nf2 Rf6 34.
Ng4 Rd6 35. Ne3 e4 36. Bc4 Re5 37. g4 Rg6 38. Rh1 Nb7 39. Nf5+ Kh7 40. Ne3 Nd6
41. Be2 Kg7 42. c4 a5 43. b5 Rf6 44. Kd2 Nb7 45. Nd5 e3+ 46. Nxe3 Nc5 47. Nf5+
Kh7 48. Bd1 Ne4+ 49. Kc2 Nf2 50. Rf1 Nxd1 51. Rxd1 Kg6 52. Rd8 Kg5 53. Rg8+ Kf4
54. g3+ Kf3 55. Kc3 Re4 56. Rg7 Rxg4 57. Nd4+ Kxg3 58. Rxc7 h5 59. c5 bxc5 60.
Rxc5 h4 61. Rh5 h3 62. Nf5+ Rxf5 0-1